Welcome to CU Library Online Public Access Catalogue (OPAC)

Fundamentals of engineering thermodynamics / (Record no. 8192)

MARC details
000 -LEADER
fixed length control field 00768pam a2200253 a 4500
001 - CONTROL NUMBER
control field 3350573
005 - DATE AND TIME OF LATEST TRANSACTION
control field 20251110173307.0
008 - FIXED-LENGTH DATA ELEMENTS--GENERAL INFORMATION
fixed length control field 860416s1987 nyua b 001 0 eng
020 ## - INTERNATIONAL STANDARD BOOK NUMBER
International Standard Book Number 007030615X
020 ## - INTERNATIONAL STANDARD BOOK NUMBER
International Standard Book Number 0078315166
Qualifying information disk
020 ## - INTERNATIONAL STANDARD BOOK NUMBER
International Standard Book Number 0070796629 (set) :
Terms of availability $43.95 (est.)
020 ## - INTERNATIONAL STANDARD BOOK NUMBER
International Standard Book Number 9780078315169
Qualifying information (disk)
020 ## - INTERNATIONAL STANDARD BOOK NUMBER
International Standard Book Number 9780070796621
050 00 - LIBRARY OF CONGRESS CALL NUMBER
Classification number TJ265
Item number .H726 1987b
082 00 - DEWEY DECIMAL CLASSIFICATION NUMBER
Classification number 621.402/1
Edition information 19
100 1# - MAIN ENTRY--PERSONAL NAME
Personal name Howell, John R.
245 10 - TITLE STATEMENT
Title Fundamentals of engineering thermodynamics /
Statement of responsibility, etc. John R. Howell, Richard O. Buckius.
250 ## - EDITION STATEMENT
Edition statement SI version.
260 ## - PUBLICATION, DISTRIBUTION, ETC.
Place of publication, distribution, etc. New York :
Name of publisher, distributor, etc. McGraw-Hill Book Co.,
Date of publication, distribution, etc. c1987.
300 ## - PHYSICAL DESCRIPTION
Extent xxi, 643 p. :
Other physical details ill. (some col.) ;
Dimensions 25 cm.
650 #0 - SUBJECT ADDED ENTRY--TOPICAL TERM
Topical term or geographic name entry element Thermodynamics.
700 1# - ADDED ENTRY--PERSONAL NAME
Personal name Buckius, Richard O.
942 ## - ADDED ENTRY ELEMENTS (KOHA)
Source of classification or shelving scheme Library of Congress Classification
Koha item type Books
Suppress in OPAC No
999 ## -
-- 8192
-- 8192
Holdings
Withdrawn status Lost status Source of classification or shelving scheme Damaged status Not for loan Collection Home library Current library Shelving location Date acquired Total checkouts Full call number Barcode Date last seen Copy number Price effective from Koha item type
    Library of Congress Classification     Non-fiction Science Library (Miotso) Science Library (Miotso) General stacks 11/10/2025   TJ265 .H726 HOW SLM00005691 11/10/2025 1 11/10/2025 Books
© 2023-2024 Copyright: Central University Libraries. All Rights Reserved | Created by: Mahone Tech Office